[Event "SLO-chT1a West"]
[Site "Ljubljana"]
[Date "2009.10.10"]
[Round "3.5"]
[White "Susnik, Matej"]
[Black "Petek, Primoz"]
[Result "1-0"]
[WhiteElo "2139"]
[BlackElo "2083"]
[PlyCount "93"]
[EventDate "2009.10.09"]
[EventType "team-tourn"]
[EventRounds "9"]
[EventCountry "SLO"]
[SourceTitle "EXT 2012"]
[Source "ChessBase"]
[SourceDate "2011.11.24"]
[SourceVersion "1"]
[SourceVersionDate "2011.11.24"]
[SourceQuality "1"]
[WhiteTeam "Kranj Tomo Zupan"]
[BlackTeam "Gorenjka Lesce"]
[WhiteTeamCountry "SLO"]
[BlackTeamCountry "SLO"]

1. e4 e5 2. f4 exf4 3. Bc4 Qh4+ 4. Kf1 d6 5. d4 Nc6 6. Nf3 Qh6 7. Nc3 Bg4 8. Nd5 0-0-0 9. Bxf4 Qh5 10. c3 g5 11. Be3 Bh6 12. h3 f5 13. Kg1 Bxf3 14. Qxf3 Qxf3 15. gxf3 fxe4 16. fxe4 Re8 17. Bd3 g4 18. Bxh6 Nxh6 19. Nf6 Ref8 20. Rf1 Nf7 21. Nxg4 Rhg8 22. Kh2 Ng5 23. Rxf8+ Rxf8 24. Rf1 Rxf1 25. Bxf1 Nxe4 26. Bd3 Nd2 27. Bxh7 Kd8 28. Kg3 Ke7 29. Bd3 d5 30. b3 Nd8 31. Kf4 Ne6+ 32. Ke3 Ne4 33. Bxe4 dxe4 34. h4 Kf7 35. Kxe4 Kg6 36. Ke5 Ng7 37. Ne3 Kh5 38. Nf5 Ne8 39. Ke6 c6 40. c4 Kg4 41. Nd6 Ng7+ 42. Kd7 Kxh4 43. Nxb7 Nf5 44. Na5 Nxd4 45. Nxc6 Nc2 46. Nxa7 Nb4 47. c5 1-0